000 nam a22 a 4500
999 _c687
_d687
005 20170504152445.0
008 170504b1985 xxu||||| |||| 00| 0 eng d
020 _a0534047769
040 _aAKMAL
082 _a158.1 WAT
090 _a158.1
_bWAT
100 _aWatson, David L.,
_d1934-
_91471
245 _aSelf-directed behavior
_bself-modification for personal adjustment /
_cDavid L. Watson, Roland G. Tharp.
250 _a4th ed.
260 _aMonterey, Calif.
_bBrooks/Cole Pub. Co.,
_cc1985.
300 _axiv, 316 p.
_bill.
_c25cm
500 _aIncludes indexes.
504 _aBibliography: p. 282-301.
599 _aDALAM PROSES
650 _aBehavior modification.
_91472
650 _aSelf-management (Psychology)
_91324
650 _aAdjustment (Psychology)
_91473
650 _aSuccess
_xPsychological aspects
_91186
700 _aTharp, Roland G.,
_d1930-2015.
_91474
942 _2ddc
_cBOOK